000 00561nam a2200205 a 4500
003 001
005 20151110153443.0
008 000901s19uu xx 00 eng d
020 _a0-19-272355-3
050 _aBB
_bCa28 1999
100 _aWildsmith, Brian
245 _aCat on the mat /
_cBrian Wildsmith.
260 _aGreat Calderon St., Oxford :
_bOxford University Press,
_c1999.
300 _a1 v. (unp.) ; ill.
440 _aOxford
650 _aCats stories-Fiction
650 _aChildren's stories-Fiction
942 _2lcc
_cBK
999 _c104339
_d104339